000 00369nam a2200133Ia 4500
008 231221s9999 xx 000 0 und d
020 _a978-1-4020-2967-7
041 _aEnglish
100 _aMark A. Blythe, Kees Overbeeke, Andrew F. Monk, Peter C. Wright
245 0 _aFunology
260 _c2005
_bSpringer US
_aNew York
650 _aComputer Science
942 _cEB
999 _c218433
_d218433